000 00624nam a2200265Ia 4500
008 171025s9999 xx 000 0 und d
020 _a679881778
050 _a787.2
050 _bT944 1996
100 _aTurner, Barbie
245 4 _aThe living violin /
245 _cby Barbie Turner.
260 _aUSA :
260 _bKnopf,
260 _c1996
300 _a45 pages :
300 _bcolor illustrations ;
300 _c23cm.
500 _aIncludes index.
650 _aConcerts (Violin).
650 _aSuites (Violin).
650 _aViolin --
650 _xJuvenile literature.
700 _aTitle.
999 _c344631
_d344631